000 00658nam a22002417a 4500
001 62282
003 UA-OsUOA
005 20211014224206.0
007 ta
008 20090818b un ||||| |||| 00| 0 ukr d
040 _aUA-OsUOA
_brus
_cUA-OsUOA
_dUA-OsUOA
041 _arus
080 _a94(470+571)
090 _a94(470+571)
_bП48
100 _aПокровський М. Н.
245 _aИзбранные произведения
_bРусская история с древнейших времен
246 3 1 _a1
260 _aМ.
_bМысль
_c1966
300 _a725 с.
650 7 _a94 Історія
_2UDC
942 _cBK
_2udc
955 _a2
999 _c348370
_d348370